000 00326nam a22001457a 4500
008 230203b ||||| |||| 00| 0 eng d
020 _a00071536
041 _aeng
080 _2VOLUME 74
_a573
082 _a573SUT
100 _a14
101 _aBIO
245 _aBRITISH MYCOLOGICAL SOCIETY
_cSUTTON C B
942 _2udc
_cBK
999 _c59297
_d59297